|
|
|
|
| LEADER |
00000nam2a2200000 4500 |
| 001 |
155726 |
| 005 |
20231101221845.0 |
| 020 |
|
|
|a RU
|b 92-11554ж
|
| 035 |
|
|
|a (RuTPU)RU\TPU\book\168906
|
| 035 |
|
|
|a RU\TPU\book\168661
|
| 090 |
|
|
|a 155726
|
| 100 |
|
|
|a 20090318d1992 km y0rusy5003 ca
|
| 101 |
0 |
|
|a rus
|
| 102 |
|
|
|a UA
|
| 105 |
|
|
|a a z 001zy
|
| 200 |
0 |
|
|a Вып. 45
|
| 210 |
|
|
|d 1992
|
| 215 |
|
|
|a 136 с.
|c ил.
|
| 320 |
|
|
|a Библиография в конце статей
|
| 461 |
|
1 |
|0 (RuTPU)RU\TPU\book\29055
|x 0370-808X
|t Резание и инструмент
|o республиканский межведомственный научно-технический сборник
|f Харьковский политехнический институт (ХПИ)
|v Вып. 45
|d 1966-1992
|
| 606 |
1 |
|
|a Режущие инструменты
|x Обработка резанием
|2 stltpush
|3 (RuTPU)RU\TPU\subj\24362
|9 48720
|
| 610 |
1 |
|
|a металлы
|
| 610 |
1 |
|
|a сборники
|
| 610 |
1 |
|
|a резание
|
| 610 |
1 |
|
|a проектирование
|
| 610 |
1 |
|
|a автоматизированные производства
|
| 610 |
1 |
|
|a оснащение
|
| 675 |
|
|
|a 621.9.02
|v 3
|
| 801 |
|
0 |
|a RU
|b RuMRKP
|c 19950417
|g psbo
|
| 801 |
|
1 |
|a RU
|b 63413507
|c 20090316
|g PSBO
|
| 801 |
|
2 |
|a RU
|b 63413507
|c 20151207
|g PSBO
|
| 942 |
|
|
|c BK
|